000 00334nam a2200121Ia 4500
008 230724s2012 xx und d
020 _a9788190662529
041 _aeng
100 _aBRANDS U.
245 _aDESIGN BY USE THE EVERYDAY METAMORPHOSIS
260 _bBOARD OF INTERNATIONAL RESEARCH IN DESIGN BORD
_c2012
300 _a192
999 _c1174808
_d1174808